Zdravotný formulár S1
Formulár S1 je osvedčenie, ktoré dáva možnosť občanom žijúcim v zahraničí, využívať zdravotnú starostlivosť vo svojej domovskej krajine za rovnakých podmienok ako domácemu obyvateľstvu. Zamestnanie a pobyt v inom členskom štáte EÚ. Zárobková činnosť v inom štáte EÚ, EHP alebo vo Švajčiarsku, pobyt v...
Salvato in:
| Autore principale: | |
|---|---|
| Natura: | Capitolo di libro |
| Lingua: | slovacco |
| Soggetti: | |
| Tags: |
Nessun Tag, puoi essere il primo ad aggiungerne!!
|
MARC
| LEADER | 00000naa a2200000 4500 | ||
|---|---|---|---|
| 001 | 0224764 | ||
| 005 | 20231120135936.4 | ||
| 041 | 0 | |a slo | |
| 044 | |a SK | ||
| 245 | 1 | 0 | |a Zdravotný formulár S1 |c Jozef Jaško |
| 520 | |a Formulár S1 je osvedčenie, ktoré dáva možnosť občanom žijúcim v zahraničí, využívať zdravotnú starostlivosť vo svojej domovskej krajine za rovnakých podmienok ako domácemu obyvateľstvu. Zamestnanie a pobyt v inom členskom štáte EÚ. Zárobková činnosť v inom štáte EÚ, EHP alebo vo Švajčiarsku, pobyt v SR. | ||
| 610 | 2 | 0 | |a práca v zahraničí |
| 610 | 2 | 0 | |a Európska únia |
| 610 | 2 | 0 | |a Švajčiarsko |
| 610 | 2 | 0 | |a starostlivosť o zdravie |
| 610 | 2 | 0 | |a Slovensko |
| 100 | 1 | |a Jaško, Jozef | |